El tribunal del Santo Oficio de la Inquisición en las provincias del Plata. Por J. T. Medina
Wedi'i Gadw mewn:
| Fformat: | Llyfr |
|---|---|
| Iaith: | Sbaeneg |
| Cyhoeddwyd: |
Santiago
Imprenta Elzeviriana
1899
|
| Rhifyn: | 1a. ed |
| Pynciau: | |
| Tagiau: |
Ychwanegu Tag
Dim Tagiau, Byddwch y cyntaf i dagio'r cofnod hwn!
|
MARC
| LEADER | 00000nam a2200000 a 4500 | ||
|---|---|---|---|
| 001 | UCJ3786 | ||
| 003 | CL-VaPUC | ||
| 005 | 20250108092858.0 | ||
| 008 | 070124e18990000CL |||||||||||||||||spa|d | ||
| 999 | |c 319908 |d 319906 | ||
| 040 | |c Pontificia Universidad Católica de Valparaíso | ||
| 082 | 0 | 4 | |a 983 |b MED |2 21 |
| 245 | 1 | 3 | |a El tribunal del Santo Oficio de la Inquisición en las provincias del Plata. Por J. T. Medina |
| 250 | |a 1a. ed | ||
| 260 | |a Santiago |b Imprenta Elzeviriana |c 1899 | ||
| 300 | |a ix, 424 p | ||
| 500 | |a 8§.- Anteport.- v.: (entre filetes) Tirada de 250 ejemplares.- Port.- v. en bl.- Dedicatoria.- Chiappa-Feliú Cruz, N§ 106 | ||
| 583 | |a last modification |c 20070124 00:00:00 |k Rodrigo Vera | ||
| 650 | 7 | |a INSTITUCIONES COLONIALES |2 CL-VaPUC |9 389426 | |
| 650 | 0 | |a Inquisición (Iglesia Católica) |9 258578 | |
| 650 | 0 | |a Autos de fe |9 505296 | |
| 650 | 0 | |a Iglesia Católica |9 256114 | |
| 650 | 0 | |a Herejías |9 356979 | |
| 650 | 7 | |a DOCUMENTOS |2 CL-VaPUC |9 366450 | |
| 650 | 7 | |a FUENTES |2 CL-VaPUC |9 255666 | |
| 651 | 0 | |a Argentina |9 254888 | |
| 942 | |c BK |2 ddc | ||
| 945 | |d 20070124 00:00:00 |a rinostro | ||
| 952 | |0 0 |1 0 |4 0 |6 983_000000000000000_MED_1899 |7 0 |8 X |9 398311 |a FDOBUD |b FDOBUD |d 2019-11-22 |i 1008242 |o 983 MED 1899 |p 1008242 |r 2019-11-22 |w 2019-11-22 |y BK_X |k BUD | ||